000 00443nab a2200145Ia 4500
003 ES-SlBCS
005 20210601125321.0
008 140529s1957 xxu||||| |||| 00| 0 eng d
041 _aeng
100 1 _aDoyle, James J.
_9156364
245 0 0 _aEthics and the Faith
_c James J. Doyle
650 0 4 _aÉtica-Fe
_9156709
773 0 _tProceedings of the American Catholic Philosophical Association
_gvol. 31, 1957, págs. 36-50
_wRev836
942 _cAR
999 _c528363
_d528363